| 000 | 00870cam a2200277 4500 | ||
|---|---|---|---|
| 999 |
_c333 _d333 |
||
| 001 | 98750033 | ||
| 003 | OSt | ||
| 005 | 20190806140640.0 | ||
| 008 | 980430s1984 enkaf b 001 0 eng d | ||
| 010 | _a98750033 | ||
| 020 | _a058235448X (pbk.) | ||
| 020 | _a9780582354487 (pbk.) | ||
| 040 | _cKH8 | ||
| 082 | 0 | 4 | _a502.12 BOO |
| 245 | 0 | 0 | _aBook of data. |
| 250 | _aRev. ed. | ||
| 260 |
_aHarlow, Essex, England : _bpublished for the Nuffield-Chelsea Curriculum Trust by Longman, _c1984. |
||
| 300 |
_a166 p., [4] p. of plates : _bcol. ill. ; _c24 cm. |
||
| 440 | 0 | _aNuffield advanced science. | |
| 504 | _aIncludes bibliographical references (p. 152) and index. | ||
| 650 | 0 |
_aChemistry _xStudy and teaching. |
|
| 650 | 0 |
_aPhysics _xStudy and teaching. |
|
| 700 |
_aEllis, Hendrina _eEditor |
||
| 710 | 2 | _aNuffield-Chelsea Curriculum Trust. | |
| 942 |
_2ddc _cNFIC |
||